| 000 | 00596nam a22002057a 4500 | ||
|---|---|---|---|
| 003 | OSt | ||
| 005 | 20220107122811.0 | ||
| 008 | 160506b xxu||||| |||| 00| 0 eng d | ||
| 020 | _a9781633690745 | ||
| 040 | _cIIITMK | ||
| 082 | _a650.1 BUC/S | ||
| 100 |
_aBuckingham, Marcus _99124 |
||
| 245 |
_aStandout 2.0: _bAsses your strengths. Find your edge. Win at work. _cMarcus Buckingham |
||
| 260 |
_aBoston, _bHarvard Business Review Press, _c2015 |
||
| 300 | _axi, 211p. | ||
| 651 |
_aPERSONALSUCCESS _99125 |
||
| 651 |
_aEMPLOYEE MOTIVATION _99126 |
||
| 651 |
_aABILITY _99127 |
||
| 942 |
_2ddc _cBK |
||
| 999 |
_c5107 _d5107 |
||